La patria del obispo don Bernardo y la nuestra (Record no. 143324)

MARC details
000 -LEADER
campo de control de longitud fija 00771nam a2200181 i 4500
001 - NÚMERO DE CONTROL
campo de control 143324
003 - IDENTIFICADOR DE NÚMERO DE CONTROL
campo de control ES-MaACL
005 - FECHA Y HORA DE LA ÚLTIMA TRANSACCIÓN
campo de control 20230906200800.0
007 - CAMPO FIJO DE DESCRIPCIÓN FÍSICA--INFORMACIÓN GENERAL
campo de control de longitud fija t|
008 - DATOS DE LONGITUD FIJA--INFORMACIÓN GENERAL
campo de control de longitud fija 070214s1924 sp |||| | spa d
100 1# - ENTRADA PRINCIPAL--NOMBRE DE PERSONA
Nombre de persona Serrano y Aguado, Gregorio F.
9 (RLIN) 132671
245 13 - MENCIÓN DEL TÍTULO
Título La patria del obispo don Bernardo y la nuestra
Resto del título : artículos publicados en "El Henares" de dicha ciudad : al final el Himno (Canto y piano) del Centenario /
Mención de responsabilidad, etc. Gregorio Fidel Serrano y Aguado.
260 ## - PUBLICACIÓN, DISTRIBUCIÓN, ETC.
Lugar de publicación, distribución, etc. Sigüenza :
Nombre del editor, distribuidor, etc. Pascual Box,
Fecha de publicación, distribución, etc. 1924.
300 ## - DESCRIPCIÓN FÍSICA
Extensión 40 p. ;
Dimensiones 22 x 15 cm.
594 ## - Nota al título y mención de responsabilidad
Nota al título y mención de responsabilidad Precede al tít.: VIII Centenario de la Reconquista de la ciudad de Sigüenza.
711 2# - ENTRADA AGREGADA--NOMBRE DE REUNIÓN
Nombre de congreso/reunión o jurisdicción como elemento de entrada Centenario de la Reconquista de la ciudad de Sigüenza (
Fecha del congreso o de la firma del tratado 1924? (
Número del congreso/reunión o número de parte o sección . 8º)
9 (RLIN) 53
852 ## - LOCALIZACIÓN
Ubicación ES-MaACL
Número de control de estantería 1674-F-17
Holdings
Estatus retirado Estado de pérdida Estado de daño No para préstamo Colección Biblioteca de origen Biblioteca actual Ubicación en estantería Fecha de adquisición Fuente de adquisición Total de préstamos Signatura topográfica completa Código de barras Visto por última vez Precio de reemplazo Tipo de ítem Koha
        Colección de folletos Biblioteca del Ateneo de Madrid Biblioteca del Ateneo de Madrid Depósito folletos 17/01/2008     1674-F-17 1149119 23/02/2023 23/02/2023 Folleto